| 000 | 00698nam a2200217 i 4500 | ||
|---|---|---|---|
| 001 | 124543 | ||
| 003 | ES-MaACL | ||
| 005 | 20250813062626.0 | ||
| 007 | t| | ||
| 008 | 070329s1933 sp ||||1| spa d | ||
| 100 | 1 |
_aMirguet, Victor. _981586 |
|
| 245 | 1 | 3 |
_aLa educación de la mujer contemporánea / _cVictor Mirguet ; traducción de la segunda edición francesa por F. del Olmo Barrios. |
| 260 |
_aBarcelona : _bLabor, _c[1933] |
||
| 300 |
_a215 p. ; _c17 cm. |
||
| 490 | 1 |
_aColección Labor ; _v313 |
|
| 650 | 4 |
_aMujeres- _xEducación _912094 |
|
| 700 | 1 |
_aOlmo Barrios, F. del. _986981 |
|
| 830 | 1 | 0 |
_aColección Labor _v313 _9184254 |
| 852 | 4 |
_aES-MaACL _jE-2804 |
|
| 999 |
_c124543 _d124543 |
||